| 000 | 00815nam a2200241 4500 | ||
|---|---|---|---|
| 001 | 120831 | ||
| 003 | ES-MaACL | ||
| 005 | 20250902025419.0 | ||
| 007 | t| | ||
| 008 | 070214s1962 sp r ||||1| spa d | ||
| 080 | _a382 | ||
| 100 | 1 |
_aPratt, Edward Ewing. _993715 |
|
| 245 | 1 | 4 |
_aLos mercados internacionales / _cpor Edward Ewing Pratt ; traducción de Conrado Niell Sureda. |
| 260 |
_aBarcelona : _bHispano Europea, _c1962. |
||
| 300 |
_aXXVII, 818 p. : _bil. ; _c24 cm. |
||
| 490 | 1 | _aGalileo: biblioteca de la dirección de empresas | |
| 650 | 7 |
_aComercio exterior _2embne _911168 |
|
| 700 | 1 |
_aNiell Sureda, Conrado. _985634 |
|
| 830 | 1 | 0 |
_aGalileo. _pBiblioteca de la dirección de empresas _9186494 |
| 852 | 4 |
_aES-MaACL _jC-21578 |
|
| 852 | 4 |
_aES-MaACL _jE-8370 |
|
| 999 |
_c120831 _d120831 |
||